Country Flags Quiz #4 - Statistics

General Stats
  • This quiz has been taken 22 times
  • The average score is 18 of 20
Answer Stats
Picture Answer % Correct
Portugal
100%
Belgium
95%
Cuba
95%
Iraq
95%
Morocco
95%
Nigeria
95%
Algeria
91%
Czech Republic
91%
Ecuador
91%
New Zealand
91%
Peru
91%
Ghana
86%
Paraguay
86%
Romania
86%
Ethiopia
82%
Hungary
82%
Kazakhstan
82%
Philippines
82%
Bolivia
77%
Uzbekistan
73%
No matching quizzes found
Score Distribution
Percent of People with Each Score
Percentile by Number Answered
Your Score History
You have not taken this quiz